Vista normal
Vista MARC
Entrada Materia (personas)
Número de registros utilizados en: 9
001 - CONTROL NUMBER
- control field: 37195
003 - CONTROL NUMBER IDENTIFIER
- control field: Co-BoUCM
005 - DATE AND TIME OF LATEST TRANSACTION
- control field: 20130510110858.0
008 - FIXED-LENGTH DATA ELEMENTS
- fixed length control field: 130510|| aca||aabn | a|a d
040 ## - CATALOGING SOURCE
- Original cataloging agency: Co-BoUCM
- Transcribing agency: Co-BoUCM
100 ## - HEADING--PERSONAL NAME
- Personal name: Carrasquilla, Rafael María
- Dates associated with a name: 1857-1930
670 ## - SOURCE DATA FOUND
- Source citation: Work cat.: (Co-BoUCM): Carrasquilla, Rafael María 1857-1930 , Historias y cuentos para los estudiantes del Colegio del Rosario, 1915